Harry Potter and the cursed child : (Record no. 368605)
[ view plain ]
| 000 -LEADER | |
|---|---|
| fixed length control field | 00876nam a22002417a 4500 |
| 003 - CONTROL NUMBER IDENTIFIER | |
| control field | 0 |
| 005 - DATE AND TIME OF LATEST TRANSACTION | |
| control field | 20251112085707.0 |
| 008 - FIXED-LENGTH DATA ELEMENTS--GENERAL INFORMATION | |
| fixed length control field | 251112b xxu||||| |||| 00| 0 eng d |
| 020 ## - INTERNATIONAL STANDARD BOOK NUMBER | |
| International Standard Book Number | 978-1-338-09913-3 |
| 050 ## - LIBRARY OF CONGRESS CALL NUMBER | |
| Classification number | PR 6120.H67 |
| Item number | H37 2016 |
| 100 ## - MAIN ENTRY--PERSONAL NAME | |
| Personal name | Thorne, Jack, |
| Relator term | author. |
| 245 ## - TITLE STATEMENT | |
| Title | Harry Potter and the cursed child : |
| Remainder of title | parts one and two / |
| Statement of responsibility, etc | a new play by Jack Thorne ; based on an original new story by J.K. Rowling, John Tiffany & Jack Thorne. |
| 260 ## - PUBLICATION, DISTRIBUTION, ETC. (IMPRINT) | |
| Place of publication, distribution, etc | New York : |
| Name of publisher, distributor, etc | Arthur A. Levine Books, |
| Date of publication, distribution, etc | 2016. |
| 300 ## - PHYSICAL DESCRIPTION | |
| Extent | 327 pages ; |
| Dimensions | 24 cm. |
| 500 ## - GENERAL NOTE | |
| General note | The official script of the original West End production.<br/>Special rehearsal edition. |
| 650 ## - SUBJECT ADDED ENTRY--TOPICAL TERM | |
| Topical term or geographic name as entry element | Wizards |
| Form subdivision | Drama. |
| 650 ## - SUBJECT ADDED ENTRY--TOPICAL TERM | |
| Topical term or geographic name as entry element | Magic |
| Form subdivision | Drama. |
| 650 ## - SUBJECT ADDED ENTRY--TOPICAL TERM | |
| Topical term or geographic name as entry element | Time travel |
| Form subdivision | Drama. |
| 650 ## - SUBJECT ADDED ENTRY--TOPICAL TERM | |
| Topical term or geographic name as entry element | Fantasy Drama. |
| 700 ## - ADDED ENTRY--PERSONAL NAME | |
| Personal name | Rowling, J. K., |
| Relator term | reator. |
| 700 ## - ADDED ENTRY--PERSONAL NAME | |
| Personal name | Tiffany, John, |
| Relator term | creator. |
| 942 ## - ADDED ENTRY ELEMENTS (KOHA) | |
| Source of classification or shelving scheme | Library of Congress Classification |
| Koha item type | Books |
| Withdrawn status | Lost status | Source of classification or shelving scheme | Damaged status | Home library | Current library | Shelving location | Date acquired | Source of acquisition | Sub Shelving location | Total Checkouts | Full call number | Barcode | Date last seen | Date checked out | Price effective from | Koha item type |
|---|---|---|---|---|---|---|---|---|---|---|---|---|---|---|---|---|
| Library of Congress Classification | Luxembourg Library | Luxembourg Library | Fiction Section | 02/06/2025 | Donation | 1 | PR 6120.H67 H37 2016 | 21325 | 11/12/2025 | 11/12/2025 | 11/12/2025 | Books |